| 000 | 00945nam a22002297a 4500 | ||
|---|---|---|---|
| 005 | 20100726135359.0 | ||
| 010 | _aENG-97101 | ||
| 020 |
_c600.00 _a9788190693295 |
||
| 035 | _aEN-80634 | ||
| 035 | _aG-001646 | ||
| 037 | _bDBAD/PUB | ||
| 082 | _a294.592146 | ||
| 100 |
_aTilak,Lokmannya Bal Gangadhar _91474 |
||
| 245 |
_aArctic home in the vedas / _cby Lokmannya Bal Gangadhar Tilak |
||
| 260 |
_aNew Delhi _bAkash Ganga Prakashan _c2009 |
||
| 270 |
_a4760-61,23,Ansari road,Daryaganj _bDelhi |
||
| 300 |
_a184p. _c23cm (Hb) |
||
| 700 | _91414 | ||
| 942 |
_2ddc _cEN _h294.592146 _mTIL |
||
| 999 |
_c37716 _d37716 |
||